Liberalizace cen v praxi

Gespeichert in:
Bibliographische Detailangaben
1. Verfasser: Janeček, Václav
Weitere Verfasser: Knobloch, Vladislav
Format: Buch
Sprache:Tschechisch
Veröffentlicht: Ostrava KORT 1991
Ausgabe:1. vyd.
Tags: Tag hinzufügen
Keine Tags, Fügen Sie das erste Tag hinzu!

MARC

LEADER 00000nam a2200000 4500
001 c024403
005 20221214094042.7
041 0 |a cze 
044 |a CZ 
245 1 0 |a Liberalizace cen v praxi  |c Václav Janeček, Vladislav Knobloch 
250 |a 1. vyd. 
264 1 |a Ostrava  |b KORT  |c 1991 
300 |a 246 s. 
100 1 |a Janeček, Václav 
700 1 |a Knobloch, Vladislav